000 00255nam a2200109Ia 4500
008 190914s9999||||xx |||||||||||||| ||und||
100 _aFarooq Ahmed
245 0 _aMatae qalab -wanazar
260 _aKarachi
_bAtlantis
_c2007
300 _a527
942 _cBK
999 _c9933
_d9933